000 00444nam a2200181Ia 4500
001 4363
005 20260306145750.0
008 260306t1991||||xx |||||||||||||| ||spa||
041 _aESP
082 _a320.985
_bF81
100 _aFranco, Carlos
_eAUT
245 0 _aImágenes de la sociedad peruana:
_bla otra modernidad
260 _c1991
300 _a141 páginas :
_c20 cm.
650 _aGEN
654 _aCDE
942 _cLIB
_dJUS
_fJUS
_2ddc
_n
999 _c4363
_d4363